<?xml version="1.0" encoding="UTF-8"?>
<marc:record xmlns:marc="http://www.loc.gov/MARC21/slim">
   <marc:leader>00000nam a2200000 a 4500</marc:leader>
   <marc:datafield ind1="1" ind2=" " tag="100">
      <marc:subfield code="a">Ajvide Lindqvist, John</marc:subfield>
      <marc:subfield code="4">aut</marc:subfield>
      <marc:subfield code="e">Verfasser/-in</marc:subfield>
   </marc:datafield>
   <marc:datafield ind1="1" ind2=" " tag="100">
      <marc:subfield code="a">Alms, Thorsten</marc:subfield>
      <marc:subfield code="4">trl</marc:subfield>
      <marc:subfield code="e">Übersetzer/-in</marc:subfield>
   </marc:datafield>
   <marc:datafield ind1="1" ind2=" " tag="100">
      <marc:subfield code="a">Ajvide Lindqvist, John</marc:subfield>
   </marc:datafield>
   <marc:datafield ind1="0" ind2="0" tag="245">
      <marc:subfield code="a">Wolfskinder</marc:subfield>
   </marc:datafield>
   <marc:datafield ind1="0" ind2="0" tag="245">
      <marc:subfield code="b">Roman</marc:subfield>
   </marc:datafield>
   <marc:datafield ind1="0" ind2="0" tag="245">
      <marc:subfield code="c">John Ajvide Lindqvist. Übers aus dem Schwed. von Thorsten Alms</marc:subfield>
   </marc:datafield>
   <marc:datafield ind1=" " ind2="1" tag="264">
      <marc:subfield code="a">Köln</marc:subfield>
      <marc:subfield code="b">Lübbe</marc:subfield>
      <marc:subfield code="c">2011</marc:subfield>
   </marc:datafield>
   <marc:datafield ind1="1" ind2=" " tag="490">
      <marc:subfield code="a">Lübbe Paperback</marc:subfield>
   </marc:datafield>
   <marc:datafield ind1="1" ind2=" " tag="520">
      <marc:subfield code="a">Angaben aus der Verlagsmeldung

Wolfskinder : Roman Lilla stjärna / von John Ajvide Lindqvist

Dieser Säugling schreit anders als andere Kinder. Er schreit in reinen Tönen. Ausgesetzt im Wald wird er von einem abgehalfterten Schlagersänger gefunden. Er hört das betörende Schreien und nimmt das Kind mit nach Hause. Er nennt es Theres.
Das Mädchen scheint wie besessen von Musik - in anderer Hinsicht ist es jedoch zum Fürchten: Sie zeigt keinerlei Gefühlsregungen, weigert sich zu sprechen. Nur singen kann es wie ein Engel. Zur gleichen Zeit wächst anderswo in Stockholm ein
Mädchen mit Namen Teresa auf, in einer heilen Welt, ohne aufzufallen, geliebt von ihren Eltern. Sie ist vielleicht nur etwas merkwürdiger als andere Kinder. Es dauert vierzehn Jahre, bis die beiden Mädchen sich kennen lernen und sich "Die
Werwölfe" nennen ═ und losziehen, um sich an den Erwachsenen zu rächen ...
</marc:subfield>
   </marc:datafield>
   <marc:datafield ind1=" " ind2=" " tag="020">
      <marc:subfield code="a">9783785760567</marc:subfield>
      <marc:subfield code="9">9783785760567</marc:subfield>
   </marc:datafield>
   <marc:datafield ind1=" " ind2=" " tag="020">
      <marc:subfield code="a">3785760566</marc:subfield>
      <marc:subfield code="9">3785760566</marc:subfield>
   </marc:datafield>
   <marc:datafield ind1=" " ind2=" " tag="041">
      <marc:subfield code="a">ger</marc:subfield>
   </marc:datafield>
   <marc:datafield ind1=" " ind2=" " tag="300">
      <marc:subfield code="a">556 S.</marc:subfield>
   </marc:datafield>
</marc:record>
